1310 1308 1921 1509 1229 1592 1738 1540 1674 1948 1354 1592 1953 1850 1154 1931 1209 1987 1783 1470 1630 1319 1435 1517 1334 1684 1014 1753 1685 1166 1005 1303 1335 1345 1785 1129 1878 1784 1307 1421 1765 1330 1380 1746 1685 1904 1008 1906 1497 1460 1066 1698 1037 1256 1782 1988 1782 1326 1400 1227 1984 1775 1338 1335 1931 1117 1385 1942 1296 1768 1875 1625 1072 1820 1023 1557 1177 2000 1011 1350 1129 1940 1283 1938 1078 1658 1461 1610 1235 1005 1475 1266 1894 1167 1600 1847 1986 1243 1667 BCNSPRNW ULIB Ver.6.0+V

เปลี่ยนเป็นภาษาไทย

Change to English
 แสดงรายละเอียดบรรณานุกรม
  กลับหน้าหลัก

Brief Record : Get Marc (ISO 2709) : E-mail record : QR code < ปิดหน้าต่าง
LEADER : 00000nam 2200000uu 4500
001    13399121075
003     ULIB
008    120321s2552||||th 000 0 tha d
020    ^a9786110000130
090    ^aนว.^bอ991ม
100 0  ^aไอศิยา
245 00 ^aมนตราอธิฐาน/^cไอศิยา
250    ^aพิมพ์ครั้งที่ 1
260    ^aกรุงเทพฯ :^bพิมพ์คำ,^c2552
300    ^a264 หน้า
710 1  ^aพิมพ์คำ
945    ^p170^l0^i15910
995    ^aกัณชพร
999    ^aใช้งานได้ทุกระบบ
รายการนี้ยังไม่มีแท็ก
คุณยังไม่ได้ล็อกอิน คุณสามารถมีกิจกรรมร่วมกับเว็บไซต์ได้ แต่ต้องล็อกอินก่อน ::
  ล็อกอิน

รายการสื่อสารสนเทศ

ลำดับที่ ประเภท เลขเรียก/บาร์โค้ด สถานที่ สถานะ
1. นวนิยาย
นวนิยาย
นว. อ991ม  
  Barcode: 15910
ห้องสมุดวิทยาเขตสวรรค์ประชารักษ์
►นวนิยาย
บนชั้น
  ขอยืม

รายการใกล้เคียง
    ผู้แต่ง [ไอศิยา]

BibComment


ยังไม่เคยถูกคอมเมนท์

คอมเมนท์ทรัพยากรรายการนี้
  คอมเมนท์: มนตราอธิฐาน ไอศิยา


 Copyright 2026. Bcnsprnw @Library